Pedestrian and bicycle transportation along existing roads : ActiveTrans Priority Tool guidebook /

"TRB's National Cooperative Highway Research Program (NCHRP) Report 803: Pedestrian and Bicycle Transportation Along Existing Roads--ActiveTrans Priority Tool Guidebook presents a tool and guidance that may be used to help prioritize improvements to pedestrian and bicycle facilities, eithe...

Full description

Bibliographic Details
Main Author: Lagerwey, Peter A. (Author)
Corporate Authors: Kittelson & Associates, National Cooperative Highway Research Program (sponsoring body.), American Association of State Highway and Transportation Officials (sponsoring body.), United States. Federal Highway Administration (sponsoring body.)
Other Authors: Hintze, Michael J., Elliott, James B. (Transportation planner), Toole, Jennifer L., Schneider, Robert J. (Robert James), 1976-
Format: Software eBook
Language:English
Published: Washington, D.C. : Transportation Research Board, 2015.
Series:Report (National Cooperative Highway Research Program) ; 803.
Subjects:
Online Access:http://proxy.library.tamu.edu/login?url=http://onlinepubs.trb.org/onlinepubs/nchrp/nchrp_rpt_803.pdf

MARC

Tag First Indicator Second Indicator Subfields
LEADER 00000cam a2200000Ii 4500
001 in00003774574
005 20190409171110.0
006 m q m
007 co co|nnnmnnan
008 150508s2015 dcuab bt 000 0 eng d
035 |a (OCoLC)ocn908637606 
040 |a JCR  |b eng  |e rda  |c JCR  |d JCR  |d OKU  |d OCLCO  |d DMY  |d OCLCO  |d JCR  |d TXA 
020 |a 9780309308540 
020 |a 0309308542 
090 |a TE7  |b .N25 no.803 
049 |a TXAM 
100 1 |a Lagerwey, Peter A.,  |e author. 
245 1 0 |a Pedestrian and bicycle transportation along existing roads :  |b ActiveTrans Priority Tool guidebook /  |c Peter A. Lagerwey, Michael J. Hintze, James B. Elliott, Jennifer L. Toole, Toole Design group, Silver Spring, MD; Robert J. Schneider, University of Wisconsin--Milwaukee, Milwaukee, WI; in association with Kittelson & Associates, Inc. 
264 1 |a Washington, D.C. :  |b Transportation Research Board,  |c 2015. 
300 |a 87 pages :  |b illustrations (some color), color maps ;  |c 28 cm +  |e 1 computer disc (color ; 4 3/4 in.). 
336 |3 volume  |a text  |b txt  |2 rdacontent 
336 |3 computer disc  |a computer program  |b cop  |2 rdacontent 
336 |3 computer disc  |a text  |b txt  |2 rdacontent 
337 |3 volume  |a unmediated  |b n  |2 rdamedia 
337 |3 computer disc  |a computer  |b c  |2 rdamedia 
338 |3 volume  |a volume  |b nc  |2 rdacarrier 
338 |3 computer disc  |a computer disc  |b cd  |2 rdacarrier 
490 1 |a NCHRP report,  |x 0077-5614 ;  |v 803 
500 |a At head of the title: National Cooperative Highway Research Program. 
536 |a Research sponsored by the American Association of State Highway and Transportation Officials in cooperation with the Federal Highway Administration  |f 07-17 
500 |a Title of accompanying CD-ROM: ActiveTrans Priority Tool programmed spreadsheet and contractor's final report to accompany NCHRP Report 803. 
520 8 |a "TRB's National Cooperative Highway Research Program (NCHRP) Report 803: Pedestrian and Bicycle Transportation Along Existing Roads--ActiveTrans Priority Tool Guidebook presents a tool and guidance that may be used to help prioritize improvements to pedestrian and bicycle facilities, either separately or together as part of a "complete streets" evaluation approach. The guidebook is supplemented by a CD that contains a programmed spreadsheet to facilitate implementation of the ActiveTrans methodology, as well as a final report that documents the research approach, findings, and conclusions." -- Publisher's description. 
500 |a Accompanying computer disc contains the ActiveTrans Priority Tool, which is a set of spreadsheets in Microsoft Excel format, and the contractor's final report in PDF format. 
504 |a Includes bibliographical references (pages 83-87). 
505 0 |a ActiveTrans Priority Tool overview -- ActiveTrans Priority Tool phase I : scoping -- ActiveTrans Priority Tool phase II : prioritization -- Conclusion -- appendix A. Programmed spreadsheet user guide -- appendix B. Guidance for using GIS with the ActiveTrans Priority Tool -- appendix C. Existing condition and demand variable references -- appendix D. Guidebook references and resources. 
650 0 |a Cycling  |x Planning. 
650 0 |a Pedestrian facilities design. 
650 0 |a Pedestrian traffic flow  |x Planning. 
650 7 |a Pedestrian areas.  |2 trt 
650 7 |a Bicycle facilities.  |2 trt 
650 7 |a Improvements.  |2 trt 
700 1 |a Hintze, Michael J. 
700 1 |a Elliott, James B.  |c (Transportation planner) 
700 1 |a Toole, Jennifer L. 
700 1 |a Schneider, Robert J.  |q (Robert James),  |d 1976- 
710 2 |a Kittelson & Associates. 
710 2 |a National Research Council (U.S.).  |b Transportation Research Board,  |e issuing body. 
710 2 |a National Cooperative Highway Research Program,  |e sponsoring body. 
710 2 |a American Association of State Highway and Transportation Officials,  |e sponsoring body. 
710 1 |a United States.  |b Federal Highway Administration,  |e sponsoring body. 
740 0 2 |a ActiveTrans Priority Tool programmed spreadsheet and contractor's final report to accompany NCHRP Report 803. 
830 0 |a Report (National Cooperative Highway Research Program) ;  |v 803. 
856 4 1 |u http://proxy.library.tamu.edu/login?url=http://onlinepubs.trb.org/onlinepubs/nchrp/nchrp_rpt_803.pdf  |t 0 
948 |a cataloged  |b h  |c 2016/5/10  |d c  |e ceaton  |f 11:08:37 am 
994 |a C0  |b TXA 
999 f f |s af90b54b-94c7-3f22-8e9c-ee5b9486aafa  |i 905f9855-1d2c-3f6d-baa6-7f8829a2451e  |t 0 
952 f f |p normal  |a Texas A&M University  |b College Station  |c Sterling C. Evans Library  |d Evans: Library Stacks  |t 0  |e TE7 .N25 no.803  |h Library of Congress classification  |i computer -- computer disc  |m A14843500845 
998 f f |a TE7 .N25 no.803  |t 0  |l Evans: Library Stacks